000 00651nam a2200277Ia 4500
005 20260324145731.0
008 008 260324s9999 xx 000 0 eng d
020 _a9781315102955
037 _aEBOOK
040 _aCRL
040 _beng
040 _cCRL
041 _2eng
041 _aeng
084 _qCRL
100 _aPrem C. Garg
_91224008
245 0 _aOptimal Economic Growth with Exhaustible Resources
260 _bTaylor and Francis
260 _c1979
365 _a
365 _b170
856 _uhttp://www.taylorfrancis.com/books/9781315102955
942 _cEBOOK
999 _c1832318
_d1832318